000 00676nam a22001697a 4500
003 OSt
005 20171010095530.0
008 121005t xxu||||| |||| 00| 0 eng d
040 _aMMSU
_cULS
100 _aDuldulao, Leo B., Estal, Joel F., Ganal, Benito T.
_913144
245 _aEvaluation of the engineering properties of Madongan river aggregates as portland cement concrete pavement
_c Leo B. Duldulao, Joel F. Estal, Benito T. Ganal
260 _c2008
300 _aix, [69] leaves
_c28 cm.
500 _aThesis (BS Civil Engineering) -- Mariano Marcos State University-College of Engineering, Batac City
504 _aBibliography: leaf [32]
942 _2ddc
_cTHEDIS
999 _c9817
_d9817